000 00649nam a2200217Ii 4500
003 JO-AjNU
008 230606s9999||||xx |||||||||||||| ||und||
020 _a0-566-02738-0 / 0566-02739-9
040 _aJO-AjNU
_beng
_erda
_cJO-AjNU
041 _aeng
050 1 4 _aHF5681.B2.R37 1988
100 3 _aReid,Walter / Myddelton,D R,
_eauthor
_93349
245 0 4 _aThe Mraning of Company Accounts
250 _a4thed
264 3 1 _aEngland: Gower,1988
300 _a351p
_b Includes indexes(p349-351)
336 _atext
_btxt
_2rdacontent
337 _aunmediated
_bn
_2rdamedia
338 _avolume
_bnc
_2rdacarrier
650 4 _aompany Accounts
_93350
999 _aE1750
_c1750
_d1750